000 00275nam a2200109Ia 4500
008 190914s9999||||xx |||||||||||||| ||und||
100 _aJohn W. Jones
245 0 _aPersonnel Testing A Manager's Guide
260 _aNew Delhi
_bBantam Books
_c2004
300 _a169
942 _cBK
999 _c9112
_d9112